000 00301nam a2200133Ia 4500
100 _aStreet/Arthur/ Alexander
942 _cBK
654 _aMetals
245 _aMetals In the Service Of Man
260 _bEnglish language book society
_c1964
082 _a671
300 _a313
546 _aENGLISH
999 _c20425
_d20425